00211nam a22000977a 4500082001400000100001900014245003800033260001000071300000900081650002300090 a541.3 BRE aBrev,Wallace.S aPreinciples of Physical Chemistry a[S.L] a433p aphysical chemistry